00000000nam##2200000za#4500
0019.663429
003CaOODSP
00520210615121032
007ta
008150407|2001||||xxc|||||     f|0| 0 eng|d
020 |a0-662-66267-9
040 |aCaOODSP|beng
041 |aeng
041 |afre
043 |an-cn---
0861 |aF2-164/2001
1101 |aCanada. |bDepartment of Finance.
24510|aNotice of ways and means motion to introduce an Act respecting the taxation of spirits, wine and tobacco and to implement increases in tobacco taxes and changes to the treatment of ships' stores / |cIssued by the Minister of National Revenue.
260 |aOttawa - Ontario : |bFinance Canada |c2001.
300 |axiii, 251p. : |btables ; |c28 cm.
546 |aBilingual
563 |aSoftcover
590 |a02-02|b2002-01-11
69007|aAlcohol consumption|2gcpds
69007|aImports|2gcpds
69007|aLegislation|2gcpds
69007|aPublic notices|2gcpds
69007|aTaxes|2gcpds
7760#|tNotice of ways and means motion to introduce an Act respecting the taxation of spirits, wine and tobacco and to implement increases in tobacco taxes and changes to the treatment of ships' stores |w(CaOODSP)9.696465
7760#|tAvis de motion de voies et moyens en vue du dépôt d'une loi visant la taxation des spiritueux, du vin et du tabac et en vue de mettre en oeuvre des taxes sur le tabac et des modifications au traitement des provisions de bord |w(CaOODSP)9.640580
792 |tAvis de motion de voies et moyens en vue du dépôt d'une loi visant la taxation des spiritueux, du vin et du tabac et en vue de mettre en oeuvre des taxes sur le tabac et des modifications au traitement des provisions de bord / |efre|w(CaOODSP)9.663430